000 00347 a2200157 4500
001 24767
020 _a9788582171943
040 _cAnchieta - São Paulo/Itaigara
100 _aAzevedo, Bel Assunção
240 1 0 _aCaraminholas
_lpor
245 1 0 _aCaraminholas
300 _a29
362 0 _a2009
650 4 _aLiteratura juvenil
942 _cBK
999 _c24767
_d24767